000 00994nac a22002651i 4500
003 EG-ScBUE
005 20250618081721.0
008 250618s1963 enka f b 000 0 eng d
040 _aEG-ScBUE
_beng
_erda
_cEG-ScBUE
_dEG-ScBUE
082 0 4 _a539.721018
_bHOD
_222
100 1 _aHodgson, P. E.,
_eauthor.
245 1 4 _aThe optical model of elastic scattering /
_cby P. E. Hodgson, Nuclear Physics Laboratory, Oxford and Fellow of Corpus Christ College, Oxford.
264 1 _aOxford :
_bThe Clarendon Press,
_c1963.
300 _aviii, 211 pages :
_billustrations ;
_c23 cm
336 _2rdacontent
_atext
_btxt
337 _aunmediated
_2rdamedia
_bn
338 _avolume
_bnc
_2rdacarrier
504 _aIncludes bibliographical references.
650 7 _aNuclear optical potentials.
_2BUEsh
650 7 _aNuclear optical models.
_2BUEsh
650 7 _aElastic scattering (Physics)
_2BUEsh
655 _vReading book
942 _cBB
_2ddc
999 _c1819
_d1819